It looks like you're offline.
Open Library logo
additional options menu

MARC record from Internet Archive

LEADER: 02291cam 2200553 a 4500
001 ocm31012052
003 OCoLC
005 20200617234414.0
008 940812s1994 vau f 000 0 eng
010 $a 94031388
040 $aDLC$beng$cDLC$dBAKER$dBTCTA$dYDXCP$dDEBBG$dOCLCF$dOCLCO$dXFF$dOCLCO$dOCLCA$dVZT$dMST$dOCLCO$dCNO$dOCLCO$dJDP$dOCLCO$dOCLCA$dOCLCQ$dOCLCO
020 $a0865862567
020 $a9780865862562
035 $a(OCoLC)31012052
050 00 $aLC3969.45$b.C64 1994
082 00 $a371.9$220
084 $a5,3$2ssgn
084 $aD 6250$2dopaed
100 1 $aCohen, Mary Kemper.
245 10 $aSurvival guide for the first-year special education teacher /$cMary Kemper Cohen, Maureen Gale, Joyce M. Meyer.
250 $aRev. ed.
260 $aReston, Va. :$bCouncil for Exceptional Children,$cc1994.
300 $aviii, 47 p. ;$c28 cm.
336 $atext$btxt$2rdacontent
337 $aunmediated$bn$2rdamedia
338 $avolume$bnc$2rdacarrier
500 $aRev. ed. of: Survival guide for the first-year special education teacher / Julie Berchtold Carballo ... et al. c1990.
505 0 $aGetting ready to teach -- Tips for the classroom -- Building rapport -- Interfacing with regular educators -- Be kind to yourself and enjoy -- Think about it -- Some close thoughts
650 0 $aSpecial education teachers$xHandbooks, manuals, etc.
650 0 $aFirst year teachers$xHandbooks, manuals, etc.
650 0 $aTeaching$xHandbooks, manuals, etc.
650 7 $aFirst year teachers.$2fast$0(OCoLC)fst00925790
650 7 $aSpecial education teachers.$2fast$0(OCoLC)fst01128904
650 7 $aTeaching.$2fast$0(OCoLC)fst01144565
650 7 $aBerufsanfänger$2gnd
650 7 $aSonderschullehrer$2gnd
655 7 $aHandbooks and manuals.$2fast$0(OCoLC)fst01423877
655 7 $aHandbooks and manuals.$2lcgft
700 1 $aGale, Maureen.
700 1 $aMeyer, Joyce M.
938 $aBaker & Taylor$bBKTY$c21.95$d26.90$i0865862567$n0002551271$sactive
938 $aBaker and Taylor$bBTCP$n94031388
938 $aYBP Library Services$bYANK$n877009
029 1 $aAU@$b000011143437
029 1 $aDEBBG$bBV010784560
029 1 $aNZ1$b1442807
029 1 $aYDXCP$b877009
994 $aZ0$bP4A
948 $hHELD BY P4A - 290 OTHER HOLDINGS